00300nam a2200133Ia 45000030006000000080041000060400015000471000021000622450042000832600006001253000006001315460012001370050017001490STCL150530s9999 xx 000 0 und d aSTCLcSTCL aSulton Eldon, H. aGenes, Enzymes and Inherited Diseases c0 a0 aEnglish20220125170438.0